[Event "3rd Gujarat GM Open 2022"]
[Site "Ahmedabad"]
[Date "2022.04.03"]
[Round "5.10"]
[White "Vignesh N R"]
[Black "Kavinda, Akila"]
[Result "1/2-1/2"]
[WhiteElo "2444"]
[BlackElo "2068"]
[Annotator "TA"]
[PlyCount "165"]
[EventDate "2022.03.31"]
[EventType "swiss"]
[EventCountry "IND"]
[SourceTitle "playchess.com"]
[Source "ChessBase"]
[SourceQuality "1"]

{[%evp 11,165,7,24,16,24,22,31,15,23,11,24,18,21,14,21,23,34,18,15,0,5,0,18,0,10,-1,2,-9,0,-42,65,-10,-10,-10,-9,-95,0,-40,-29,-44,-19,-50,-41,-78,-74,-146,-49,-112,-93,-96,-111,-109,-85,-176,-159,-272,-275,-262,-250,-289,-273,-246,0,-323,0,-227,-122,-111,-127,-97,-86,-138,-130,-113,-33,-325,-336,-358,-280,-601,-569,-817,-800,-935,-460,-462,-444,-763,-589,-586,-588,-583,-582,-562,-552,-506,-488,-483,-480,-479,-440,-474,-477,-468,-452,-406,-222,-222,-215,-210,0,0,0,0,0,0,0,0,0,0,0,0,0,0,0,0,0,0,0,0,0,0,0,0,0,0,0,0,0,0,0,-28000,-28000,-28000,-28000,-28000,-28000,-28000,-28000,-28000,-28000,-28000,-28000,-28000,-28000,-28000]} 1. e4 e5 2. Nf3 Nc6 3. Bc4 Nf6 4. d3 Bc5 5. c3 d6 6. O-O a6 7. a4 {C54: Giuoco Piano: 4 c3 Nf6, main lines with 5 d4 and 5 d3.} Ba7 8. Re1 O-O {[%cal Ob7b5]} 9. h3 {White is slightly better.} h6 {[%cal Ob7b5]} 10. Nbd2 Be6 11. Bxe6 fxe6 12. b4 {[%cal Bb2b4,Bb4b5][%mdl 32]} Nh5 13. Ra2 Qf6 {[#]} 14. Nb3 $146 ({Predecessor:} 14. Nc4 Nf4 15. b5 Nd8 16. Bxf4 Qxf4 17. b6 Bxb6 18. Nxb6 cxb6 19. Qb3 Rc8 20. Qxb6 {½-½ (34) Vovk,A (2618)-Amin,B (2699) Douglas 2019}) 14... Qg6 15. b5 Ne7 16. d4 Nf4 17. Bxf4 Rxf4 18. dxe5 Raf8 {[#]} 19. exd6 $1 cxd6 20. Nbd2 Bc5 (20... Qg3 21. Qe2 $14) (20... d5 $1 $15 21. exd5 Nxd5) 21. Kf1 (21. bxa6 $14 bxa6 22. Qe2) 21... axb5 $11 22. axb5 e5 23. Nb3 (23. Qe2 $11 {remains equal.}) 23... Bb6 (23... Qe6 $1 $17 24. Ra4 (24. Kg1 Rxf3 25. Ree2 Rxc3 $19) 24... Rxf3 $1 25. gxf3 Qxh3+ 26. Ke2 Ng6 27. Nxc5 dxc5 28. Qd5+ Kh7) 24. Nbd2 (24. Rd2 $5 {[%cal Rd2d6]} d5 25. Rxd5 (25. exd5 e4 $17) 25... Nxd5 26. Qxd5+ Kh7 27. Qxe5 $15) 24... Kh7 $40 {[%mdl 1152] Black has compensation. Black mounts an attack.} 25. c4 Qf7 26. Ra3 Qe6 27. Ke2 Bc5 28. Rd3 (28. Rb3 $142) 28... Ra8 (28... Ng6 $1 $17 {[%cal Of4f3]} 29. g3 (29. Kf1 R4f6 $19) 29... Qxh3 $1) 29. Qc2 ({White should try} 29. Rh1 $15) 29... Rf6 30. Rh1 Ng6 31. g3 {Against Nf4+} Qf7 32. h4 (32. Qd1 $17) 32... Kg8 $19 33. h5 {[#]} (33. Qd1 $17) 33... Nf8 $1 34. Rh2 Ne6 35. Qb2 Rf8 36. Kd1 Ra8 $2 (36... b6 $19 {...Ra8 is the strong threat.} 37. Qb1 Ra8) 37. Kc2 $2 {[%mdl 8192]} (37. Ke2 $1 $11 {and White is okay.}) 37... Rf8 38. Kd1 $1 Nd4 (38... b6 $19 39. Qb1 Ra8) 39. Nxd4 $17 Bxd4 40. Rxd4 exd4 41. f4 ({White should play} 41. Qxd4 Rxf2 42. Rxf2 Qxf2 43. Qd5+ Rf7 44. Qxd6) 41... Ra8 42. Ke2 Qc7 (42... Qe6 $17 {And now ...Qg4+ would win.} 43. Rh4 Rff8 44. Qxd4 Ra2) 43. Rh1 $2 {[%mdl 8192]} (43. Qxd4 $15 Qd7 44. f5) 43... Qc5 $19 44. Kf2 Ra3 45. e5 $2 (45. Nb3 Qb4 46. Rb1) 45... Rf8 46. Ne4 {[#]} Qa7 (46... Qxe5 47. Qxa3 (47. Nf6+ Qxf6 48. Qxa3 Qe6 $11) 47... Qxe4 48. Qf3 Qc2+ 49. Qe2 $11) 47. b6 Qa5 (47... Qa4 $142 {White must now prevent ...Ra2.} 48. Qxd4 Qc2+ 49. Qd2 Qxc4) 48. Qxd4 dxe5 49. Qd6 (49. Qd5+ $142 Qxd5 50. cxd5) 49... Ra2+ 50. Kf3 exf4 51. gxf4 Ra3+ {[%cal Ba2a3,Ba3e3,Be3e6,Be6f6][%mdl 32]} 52. Kg2 Re3 53. Nf2 Qf5 54. Rh4 Re6 55. Qd4 Qf6 56. Qxf6 Rexf6 {[%mdl 4096] Endgame KRR-KRN} ({Not} 56... gxf6 57. c5 $17) 57. Nd3 Rxb6 58. Kf3 Re8 (58... Rb3 $142 59. Ke4 b5 60. cxb5 Re8+ 61. Ne5 Rb4+ 62. Kd5 Rxb5+ 63. Kc4 Ra5) 59. Ne5 Rb4 60. Rh1 Rxe5 $2 61. fxe5 $11 Rxc4 $19 {KR-KR} 62. Rb1 Rc7 63. Ke4 Kf7 64. Kd5 {Threatens to win with Kd6.} Rd7+ 65. Ke4 Rc7 66. Rb6 Ke7 67. Kf5 Kf7 68. Rb5 Re7 69. Rb1 Rc7 70. Rb6 Ke7 71. Rb2 Kf7 72. Ke4 Ke6 $2 {[%mdl 8192]} (72... Re7 $11) 73. Rb6+ Rc6 74. Rxb7 Rc4+ 75. Kf3 Kxe5 76. Rxg7 Rh4 {Mate.} 77. Ra7 Kf5 78. Ra5+ Kf6 79. Ra6+ Kg7 80. Ra7+ Kg8 81. Ra8+ Kg7 82. Ra7+ Kg8 83. Ra8+ {[%mdl 32768] Weighted Error Value: White=0.52/Black=0.39. An unexpected result.} 1/2-1/2

[Event "3rd Gujarat GM Open 2022"]
[Site "Ahmedabad"]
[Date "2022.04.03"]
[Round "5.11"]
[White "Laxman, R.R."]
[Black "Garv Rai"]
[Result "1-0"]
[WhiteElo "2429"]
[BlackElo "1869"]
[Annotator "TA"]
[PlyCount "65"]
[EventDate "2022.03.31"]
[EventType "swiss"]
[EventCountry "IND"]
[SourceTitle "playchess.com"]
[Source "ChessBase"]
[SourceQuality "1"]

{[%evp 15,65,20,41,39,39,29,45,31,38,26,40,39,54,54,72,70,91,89,81,84,106,102,95,113,110,88,89,85,75,71,67,51,46,59,36,33,211,151,224,202,897,887,1076,1043,29981,29982,29992,29992,29996,29997,29997,29998]} 1. d4 Nf6 2. Nf3 e6 3. c4 Bb4+ 4. Bd2 c5 5. Bxb4 cxb4 6. e3 O-O 7. Be2 d6 8. O-O Nc6 9. a3 {E11: Bogo-Indian.} Re8 {[#]} 10. Ne1 $146 ({Predecessor:} 10. axb4 Nxb4 11. Na3 Bd7 12. Nc2 Qb6 13. Nxb4 Qxb4 14. Qd2 Qxd2 15. Nxd2 a5 16. b3 Bc6 {0-1 (72) Michalik,P (2578)-Moiseenko,A (2635) chess24.com INT 2019}) 10... bxa3 11. Nxa3 {White is slightly better.} e5 12. Nb5 exd4 13. Nxd4 Nxd4 14. Qxd4 Re4 15. Qd2 Be6 16. b3 Qb6 17. Nf3 {Bd3 is the strong threat.} Bg4 18. Rfd1 Rd8 (18... Qxb3 $2 19. Rdb1 Qxb1+ 20. Rxb1 $18) 19. h3 Bc8 20. Nd4 Ree8 21. b4 Ne4 22. Qe1 a6 23. Bg4 Bxg4 24. hxg4 Rc8 25. Rac1 {aiming for f3.} Rc7 $2 {[#] This move loses the game for Black.} (25... g6 $1 $14) 26. Nf5 Rec8 (26... h6 $16 {was necessary.} 27. Nxd6 (27. f3 g6 $16) 27... Nxd6) 27. f3 $18 Nf6 (27... g6) 28. Rxd6 Qa7 {[#]} 29. Rxf6 $1 {[%mdl 512]} gxf6 (29... Qb8 30. Rd6) 30. Qh4 {White mates.} Kf8 31. Qxf6 {[%cal Rf6h8]} Ke8 32. Qh8+ Kd7 33. Rd1+ {Weighted Error Value: White=0.08 (flawless) /Black=0.55} 1-0

[Event "3rd Gujarat GM Open 2022"]
[Site "Ahmedabad"]
[Date "2022.04.03"]
[Round "5.12"]
[White "Del Rey, Diego"]
[Black "Majumder Shrayan"]
[Result "1-0"]
[WhiteElo "2370"]
[BlackElo "1686"]
[Annotator "TA"]
[PlyCount "95"]
[EventDate "2022.03.31"]
[EventType "swiss"]
[EventCountry "IND"]
[SourceTitle "playchess.com"]
[Source "ChessBase"]
[SourceQuality "1"]

{[%evp 9,95,-3,23,3,12,0,39,28,40,-6,-3,-5,4,-8,-8,-45,-50,-43,-37,-64,-56,-58,-14,-69,161,162,191,182,221,92,79,77,83,79,64,77,39,56,202,207,204,205,217,210,222,202,190,169,189,175,201,189,207,207,583,166,166,149,204,204,193,193,211,183,183,183,183,172,177,190,251,249,246,247,222,165,207,145,140,147,132,121,558,522,750,736,1329,903]} 1. d4 Nf6 2. Nf3 d5 3. c4 e6 4. Nc3 a6 5. e3 b6 6. Bd3 {D37: Queen's Gambit Declined: 5 Bf4.} Bb7 7. O-O Bd6 8. Qe2 {White is slightly better.} Ne4 {[#]} 9. Bxe4 $146 (9. cxd5 $14 exd5 10. Nd2) ({Predecessor:} 9. cxd5 exd5 10. Ne5 O-O 11. f4 c5 12. Rd1 cxd4 13. exd4 f5 14. Be3 Nd7 15. Rac1 {0-1 (41) Cori Tello,D (2382)-Sjugirov,S (2663) Chess.com INT 2021}) 9... dxe4 $11 10. Nd2 (10. Ne5 Bxe5 11. dxe5 Qg5 $17) 10... f5 $1 (10... Qh4 11. g3 Qh6 12. Ndxe4 $16) 11. f3 $36 {[%cal Rf3e4][%mdl 2048] White is pushing.} Qh4 12. f4 (12. g3 $5 {[%cal Rg3h4]} exf3 13. Nxf3 $11) 12... Nd7 13. Nb3 Qh6 14. Bd2 O-O 15. Rac1 {[%cal Oc4c5]} c5 16. Na4 ({Better is} 16. dxc5 $11 Nxc5 17. Nxc5 bxc5 18. Be1) 16... Bc6 $2 {[#]} (16... cxd4 $1 $15 {stays ahead.} 17. exd4 a5) 17. Nxb6 $1 $18 {[%mdl 512]} Nxb6 (17... cxd4 18. Nxa8) 18. dxc5 Nxc4 19. Rxc4 (19. cxd6 $18 {is the precise move to win.} Nxd2 20. Qxd2 (20. Rxc6 Nxf1 21. Qxf1 e5 $14)) 19... Bc7 $16 20. Nd4 Bd5 21. Ra4 {[%cal Bc4a4,Ba4d4,Bd4d6][%mdl 32]} e5 22. fxe5 Bxe5 23. g3 Bxd4 ({Black should play} 23... Qg6 $1 $14) 24. Rxd4 $18 (24. exd4 e3 25. Bxe3 Rae8 $11) 24... Bxa2 25. Bc3 $1 ({Resist} 25. Rd6 $6 Rf6 $16) 25... Qc6 26. Qd2 Ra7 (26... Qxc5 $2 27. b4 Qc8 28. Qxa2+ $18) 27. b4 Qe6 28. Rd6 Qf7 29. Qd4 Bc4 30. Rf2 Bb5 31. g4 $1 Bd7 (31... Qc4 32. Qxc4+ (32. Rxf5 Qd3 $16) 32... Bxc4 33. gxf5 (33. Rxf5 Be2 $18) 33... Raf7) 32. g5 $2 (32. c6 Bc8 33. gxf5) 32... Bb5 33. h4 {And now c6 would win.} Re7 {[#]} (33... Re8 $16 34. Rd5 Rd7 35. Rfxf5 (35. Rdxf5 Qxf5 36. Rxf5 Rxd4 $16) 35... Qxf5 36. Rxf5 Rxd4 37. Bxd4 Bc6) 34. g6 $1 hxg6 35. Rg2 Qc4 36. Rdxg6 {Dancing on a razor blade.} Qxd4 37. Bxd4 Rff7 {[#]} 38. Bf6 $1 Rd7 {[%cal Of5f4]} 39. Be5 {h5 is the strong threat.} Rfe7 (39... f4 $142) 40. Bd6 Rf7 41. h5 {Threatens to win with h6.} Kh7 {Prevents h6.} 42. Kh2 Rf6 43. Rxf6 gxf6 44. Bf4 {&Bianco is more active.} Bc6 45. Rg6 Rd2+ $2 {[%mdl 8192]} (45... Rf7 $16 46. Bh6 Ba4) 46. Kg3 {White is clearly winning.} Be8 47. Rxf6 Bxh5 48. Rh6+ {Weighted Error Value: White=0.30/Black=0.56} 1-0

[Event "3rd Gujarat GM Open 2022"]
[Site "Ahmedabad"]
[Date "2022.04.03"]
[Round "5.13"]
[White "Deodhar, Vrushali Umesh"]
[Black "Sidhant, Mohapatra"]
[Result "1/2-1/2"]
[WhiteElo "1974"]
[BlackElo "2359"]
[Annotator "ChessBase"]
[PlyCount "85"]
[EventDate "2022.03.31"]
[EventType "swiss"]
[EventCountry "IND"]
[SourceTitle "playchess.com"]
[Source "ChessBase"]
[SourceQuality "1"]
[TimeControl "5400+30"]

1. c4 {[%emt 0:00:04]} e5 {[%emt 0:00:27]} 2. Nc3 {[%emt 0:00:13]} Nf6 {[%emt 0:00:08]} 3. g3 {[%emt 0:00:06]} Bb4 {[%emt 0:00:23]} 4. Nd5 {[%emt 0:03:14]} Nxd5 {[%emt 0:00:08]} 5. cxd5 {[%emt 0:00:04]} O-O {[%emt 0:00:12]} 6. Bg2 {[%emt 0:00:08]} d6 {[%emt 0:00:16]} 7. Nf3 {[%emt 0:00:37]} Ba5 {[%emt 0:16:50]} 8. O-O {[%emt 0:00:27]} c6 {[%emt 0:04:28]} 9. dxc6 {[%emt 0:02:02]} Nxc6 {[%emt 0:00:26]} 10. d3 {[%emt 0:00:44]} Bb6 {[%emt 0:01:54]} 11. b3 {[%emt 0:11:33]} h6 {[%emt 0:07:45]} 12. Bb2 {[%emt 0:01:02]} a5 {[%emt 0:02:01]} 13. Rc1 {[%emt 0:08:43]} Re8 {[%emt 0:04:17]} 14. Nd2 {[%emt 0:00:50]} d5 {[%emt 0:00:31]} 15. e4 {[%emt 0:00:54]} Be6 {[%emt 0:02:33]} 16. Nb1 {[%emt 0:03:45]} dxe4 {[%emt 0:15:33]} 17. dxe4 {[%emt 0:00:45]} Nb4 {[%emt 0:00:22]} 18. Nc3 {[%emt 0:24:26]} Bd4 {[%emt 0:11:12]} 19. Ba1 {[%emt 0:11:21]} Bxc3 {[%emt 0:02:15]} 20. Rxc3 {[%emt 0:00:36]} Qxd1 {[%emt 0:00:53]} 21. Rxd1 {[%emt 0:00:02]} Nxa2 {[%emt 0:00:10]} 22. Rc7 {[%emt 0:03:29]} Bxb3 {[%emt 0:07:44]} 23. Rb1 {[%emt 0:00:17]} a4 {[%emt 0:00:10]} 24. Rxb7 {[%emt 0:00:12]} Rac8 {[%emt 0:00:03]} 25. Bf1 {[%emt 0:05:52]} Nc3 {[%emt 0:06:12]} 26. Bxc3 {[%emt 0:05:19]} Rxc3 {[%emt 0:00:02]} 27. Ra7 {[%emt 0:00:01]} Rec8 {[%emt 0:01:24]} 28. Kg2 {[%emt 0:02:18]} Rc1 {[%emt 0:00:35]} 29. Rxc1 {[%emt 0:01:47]} Rxc1 {[%emt 0:00:02]} 30. Bb5 {[%emt 0:00:14]} Ra1 {[%emt 0:05:17]} 31. Bc6 {[%emt 0:01:18]} g5 {[%emt 0:01:04]} 32. Bd5 {[%emt 0:07:20]} Bxd5 {[%emt 0:04:56]} 33. exd5 {[%emt 0:00:01]} Kg7 {[%emt 0:00:01]} 34. Kf3 {[%emt 0:01:10]} a3 {[%emt 0:00:56]} 35. Ke4 {[%emt 0:03:51]} a2 {[%emt 0:01:41]} 36. Kf5 {[%emt 0:00:06]} e4 {[%emt 0:00:22]} 37. Ke5 {[%emt 0:01:20]} Kf8 {[%emt 0:03:00]} 38. Ra8+ {[%emt 0:01:20]} Ke7 {[%emt 0:00:28]} 39. d6+ {[%emt 0:00:20]} Kd7 {[%emt 0:00:05]} 40. Ra7+ {[%emt 0:00:01]} Kd8 {[%emt 0:00:10]} 41. Ra8+ {[%emt 0:00:04]} Kd7 {[%emt 0:00:05]} 42. Ra7+ {[%emt 0:00:02]} Kd8 {[%emt 0:02:17]} 43. Kxe4 {[%emt 0:01:41]} 1/2-1/2

[Event "3rd Gujarat GM Open 2022"]
[Site "Ahmedabad"]
[Date "2022.04.03"]
[Round "5.14"]
[White "Ritviz, Parab"]
[Black "Vrashank Chouhan"]
[Result "1-0"]
[WhiteElo "2349"]
[BlackElo "1790"]
[Annotator "ChessBase"]
[PlyCount "84"]
[EventDate "2022.03.31"]
[EventType "swiss"]
[EventCountry "IND"]
[SourceTitle "playchess.com"]
[Source "ChessBase"]
[SourceQuality "1"]
[TimeControl "5400+30"]

1. g3 {[%emt 1:31:00]} d5 {[%emt 1:31:00]} 2. Nf3 {[%emt 0:00:30]} c5 {[%emt 0:00:30]} 3. Bg2 {[%emt 0:00:30]} Nc6 {[%emt 0:00:30]} 4. d3 {[%emt 0:00:30]} e5 {[%emt 0:00:30]} 5. O-O {[%emt 0:00:30]} Be7 {[%emt 0:00:30]} 6. e4 {[%emt 0:00:30]} d4 {[%emt 0:00:30]} 7. Nbd2 {[%emt 0:00:30]} g5 {[%emt 0:00:30]} 8. Nc4 {[%emt 0:00:30]} f6 {[%emt 0:00:30]} 9. a4 {[%emt 0:00:30]} Be6 {[%emt 0:00:30]} 10. c3 {[%emt 0:00:30]} h5 {[%emt 0:00:30]} 11. cxd4 {[%emt 0:00:30]} Nxd4 {[%emt 0:00:30]} 12. Nxd4 {[%emt 0:00:30]} Qxd4 {[%emt 0:00:30]} 13. Ne3 {[%emt 0:00:30]} Qd7 {[%emt 0:00:30]} 14. Nd5 {[%emt 0:00:30]} h4 {[%emt 0:00:30]} 15. Qb3 {[%emt 0:00:30]} Bd6 {[%emt 0:00:30]} 16. Qb5 {[%emt 0:00:30]} Rc8 {[%emt 0:00:30]} 17. Qxd7+ {[%emt 0:00:30]} Kxd7 {[%emt 0:00:30]} 18. Be3 {[%emt 0:00:30]} Bxd5 {[%emt 0:00:30]} 19. exd5 {[%emt 0:00:30]} Ne7 {[%emt 0:00:30]} 20. a5 {[%emt 0:00:30]} h3 {[%emt 0:00:30]} 21. Bf3 {[%emt 0:00:30]} Rhg8 {[%emt 0:00:30]} 22. Ra4 {[%emt 0:00:30]} f5 {[%emt 0:00:30]} 23. g4 {[%emt 0:00:30]} f4 {[%emt 0:00:30]} 24. Bd2 {[%emt 0:00:30]} b5 {[%emt 0:00:30]} 25. axb6 {[%emt 0:00:30]} axb6 {[%emt 0:00:30]} 26. Ra7+ {[%emt 0:00:30]} Rc7 {[%emt 0:00:30]} 27. Ra6 {[%emt 0:00:30]} b5 {[%emt 0:00:30]} 28. Rfa1 {[%emt 0:00:30]} Nc8 {[%emt 0:00:30]} 29. Be4 {[%emt 0:00:30]} Rf8 {[%emt 0:00:30]} 30. R1a5 {[%emt 0:00:30]} b4 {[%emt 0:00:30]} 31. b3 {[%emt 0:00:30]} Rb7 {[%emt 0:00:30]} 32. Bc1 {[%emt 0:00:30]} Nb6 {[%emt 0:00:30]} 33. Bb2 {[%emt 0:00:30]} Kc7 {[%emt 0:00:30]} 34. Kf1 {[%emt 0:00:30]} Re8 {[%emt 0:00:30]} 35. Ke2 {[%emt 0:00:30]} Rf8 {[%emt 0:00:30]} 36. Kf3 {[%emt 0:00:30]} Re8 {[%emt 0:00:30]} 37. Bg6 {[%emt 0:00:30]} Rd8 {[%emt 0:00:30]} 38. Bf7 {[%emt 0:00:30]} Kd7 {[%emt 0:00:30]} 39. Ke4 {[%emt 0:00:30]} Ke7 {[%emt 0:00:30]} 40. Be6 {[%emt 0:00:30]} Kf6 {[%emt 0:00:30]} 41. Rb5 {[%emt 0:00:30]} Rdb8 {[%emt 0:00:30]} 42. Ba1 {[%emt 0:00:30]} Ra8 {[%emt 0:00:30]} 1-0

[Event "3rd Gujarat GM Open 2022"]
[Site "Ahmedabad"]
[Date "2022.04.03"]
[Round "5.15"]
[White "Om Nagnath Lamkane"]
[Black "Harsha Bharathakoti"]
[Result "0-1"]
[WhiteElo "1881"]
[BlackElo "2499"]
[Annotator "TA"]
[PlyCount "72"]
[EventDate "2022.03.31"]
[EventType "swiss"]
[EventCountry "IND"]
[SourceTitle "playchess.com"]
[Source "ChessBase"]
[SourceQuality "1"]

{[%evp 9,72,27,35,20,28,-6,-14,-4,-4,-12,-22,-12,0,0,0,0,0,7,6,4,2,-18,-7,-41,-62,-52,-12,-27,0,-34,-34,-29,-39,-35,-2,-4,0,0,0,-22,0,-40,-38,-50,-17,-28,-11,-41,-48,-48,-46,-44,-40,-103,-54,-90,-107,-183,-174,-413,-410,-1000,-969,-1597,-1033]} 1. e4 g6 2. d4 Bg7 3. Nc3 d6 4. Nf3 a6 5. a4 Nf6 6. h3 {B06: Modern Defence.} O-O 7. Bc4 {[#]} Nxe4 $1 8. Nxe4 {And now Ba2 would win. The position is equal.} d5 9. Bd3 {Black must now prevent Ng3.} dxe4 10. Bxe4 Nd7 11. O-O c5 12. c3 cxd4 13. Nxd4 Nc5 {[%cal Bd7c5,Bc5e6,Be6c7,Bc7d5,Bd5e3][%mdl 32]} 14. Bc2 Qc7 {[#]} 15. Qf3 $146 ({Predecessor:} 15. Be3 b6 16. b4 Nb7 17. Be4 Bd7 18. Qf3 Rab8 19. b5 axb5 20. Nxb5 Bxb5 21. axb5 Na5 22. Rac1 Nc4 23. Rfd1 {½-½ (23) Hildner,K (1701)-Zuehlke,B (1901) Mittelfranken 2018}) 15... Bd7 16. Be3 e5 17. Ne2 Bc6 18. Qg4 Ne6 19. Qb4 b5 20. a5 Qb7 21. f3 Rfd8 22. Qh4 Nc7 23. Rad1 Nd5 24. Be4 Bf6 25. Qf2 Nxe3 26. Qxe3 Rac8 27. Bxc6 Rxc6 28. Ng3 Qc7 29. Ne4 Be7 30. Rxd8+ Qxd8 31. b4 (31. Nf2 $15) 31... Qc7 (31... f5 $17 32. Nf2 Qc7) 32. Qd3 f5 {[%cal Bf7f5,Bf5f4][%mdl 32]} 33. Qd5+ (33. Nc5 $17) 33... Kg7 $19 34. Ng3 {[#]} (34. Nc5 Bxc5+ 35. bxc5) 34... Rxc3 35. Re1 (35. Rd1 $142) 35... Bh4 36. Kh2 f4 {Weighted Error Value: White=0.53/Black=0.07 (flawless)} 0-1

[Event "3rd Gujarat GM Open 2022"]
[Site "Ahmedabad"]
[Date "2022.04.03"]
[Round "5.16"]
[White "Stany, G.A."]
[Black "Ilamparthi A R"]
[Result "1-0"]
[WhiteElo "2517"]
[BlackElo "1969"]
[Annotator "TA"]
[PlyCount "132"]
[EventDate "2022.03.31"]
[EventType "swiss"]
[EventCountry "IND"]
[SourceTitle "playchess.com"]
[Source "ChessBase"]
[SourceQuality "1"]

{[%evp 26,132,-8,-14,-10,-16,-7,-13,17,-17,66,57,62,58,93,33,20,29,43,30,56,14,70,8,8,4,10,14,79,40,69,72,105,83,110,116,130,130,130,130,129,129,127,139,165,144,212,208,204,115,112,9,7,7,12,10,24,24,40,12,15,8,12,8,8,8,8,8,8,8,36,0,8,8,8,8,14,4,11,6,7,0,8,0,8,0,8,0,8,8,1650,1734,29974,29975,29976,29977,29977,29978,29978,29979,29980,29981,29981,29980,29979,29979,29999,29979,29976]} 1. e4 c5 2. Nf3 d6 3. Bb5+ Bd7 4. Bxd7+ Qxd7 5. O-O Nf6 6. Re1 Nc6 7. c3 e6 8. d4 cxd4 9. cxd4 d5 10. e5 Ne4 11. Nbd2 Nxd2 12. Bxd2 Be7 13. Rc1 O-O 14. Rc3 Rac8 {B52: Sicilian: Moscow Variation with 3...Bd7.} 15. a3 b5 16. Rd3 a5 {The position is equal.} 17. h4 a4 (17... Bd8 $11) 18. Ng5 $1 $14 {[#]} h6 $146 ({Predecessor:} 18... f6 19. exf6 Bxf6 20. Nxe6 Rfe8 21. Rde3 h6 22. Qh5 Qf7 23. Qg4 h5 24. Qf4 Re7 {1-0 (42) Vysochin,S (2520)-Shalimov,V (2381) Alushta 2007}) 19. Nh3 {Black must now prevent Rg3. &Bianco is more active.} (19. Nf3 Bd8 $15) 19... f5 {[#]} 20. exf6 ({White should try} 20. Nf4 $1 $16) 20... Bxf6 21. Qg4 Qf7 22. Bc3 Rce8 23. Rf3 Qa7 (23... Qc7 $11) 24. Rxe6 (24. g3 $14) 24... Qd7 $1 $11 {[#]} 25. Re4 Qxg4 26. Rxg4 Re2 (26... h5 $11 27. Rgf4 Rb8) 27. h5 Kf7 28. Re3 Rc2 29. Nf4 Nxd4 {[#]} 30. Rd3 $1 (30. Nxd5 $6 Ne2+ 31. Rxe2 (31. Kf1 Nxc3 32. bxc3 Rd8 $11) 31... Rxe2 32. Nxf6 gxf6 $15) 30... Ne2+ 31. Nxe2 Rxe2 32. Rxd5 {And now Bxf6 would win.} Bxc3 33. bxc3 $16 {[%mdl 4096] Endgame KRR-KRR} Kg8 34. Rxb5 {f3 is the strong threat.} Rfxf2 35. Rb8+ (35. Rxa4 Rxg2+ 36. Kh1 Rh2+ 37. Kg1 Reg2+ 38. Kf1 Rf2+ 39. Kg1 Rfg2+ 40. Kf1 Ra2 41. Ra8+ Kh7 $15) 35... Kh7 (35... Rf8 $16 36. Rxf8+ Kxf8 37. Rxa4 Ke7) 36. Rb7 $18 ({Stronger than} 36. Rxa4 Rxg2+ 37. Kf1 Ref2+ 38. Ke1 Rc2 $17) 36... Kh8 37. Ra7 ({Resist} 37. Rgxg7 Rf5 38. Rh7+ Kg8 39. Rbg7+ (39. Rxh6 Rg5 $16) 39... Kf8) ({Better is} 37. Rbxg7 $18 {White threatens Rg8+ and mate.} Rf7 38. R7g6 (38. Rxf7 Rxg2+ 39. Kf1 Rxg4 $16)) 37... Rf5 $16 38. Raxa4 (38. Raxg7 $16 {White wants to mate with Rg8+.} Re1+ 39. Kh2 Rxh5+ 40. Kg3) 38... Re1+ $11 39. Kh2 Rxh5+ 40. Rh4 Rc5 41. Rac4 Ra5 42. a4 Ra1 43. Rhg4 Ra7 44. Kg3 Kh7 45. Kf3 Ra2 46. g3 h5 47. Rgf4 (47. Rh4 $5 {[%cal Rh4h5]}) 47... Rd7 48. Rfd4 {Prevents Rd3+.} Rf7+ 49. Ke4 Rg2 50. Rc5 Kh6 51. Rd3 Re2+ 52. Kd4 Ra7 53. a5 {next Kc4 is good for White.} Ra2 54. c4 R2xa5 55. Rxa5 Rxa5 {KR-KR} 56. c5 Kg5 $1 57. c6 {Strongly threatening Kc4.} Ra7 $2 {[%mdl 8192] This costs Black the game.} (57... Kg4 $11) 58. Kc5 $18 Ra1 59. Rd4 {White mates.} Rc1+ 60. Rc4 Rf1 61. c7 Rf8 62. Kd6 Rh8 63. Kd7 Kf5 64. Rf4+ Ke5 65. c8=Q {[%cal Rc8c5]} Rf8 66. Qd8 Rxd8+ {Weighted Error Value: White=0.13 (very precise) /Black=0.29 (precise)} 1-0

[Event "3rd Gujarat GM Open 2022"]
[Site "Ahmedabad"]
[Date "2022.04.03"]
[Round "5.17"]
[White "Bhattacharyya Soham"]
[Black "Venkatesh, M.R."]
[Result "0-1"]
[WhiteElo "2004"]
[BlackElo "2493"]
[Annotator "ChessBase"]
[PlyCount "60"]
[EventDate "2022.03.31"]
[EventType "swiss"]
[EventCountry "IND"]
[SourceTitle "playchess.com"]
[Source "ChessBase"]
[SourceQuality "1"]
[TimeControl "5400+30"]

1. d4 {[%emt 0:00:15]} Nf6 {[%emt 0:01:23]} 2. c4 {[%emt 0:00:58]} e6 {[%emt 0:01:30]} 3. g3 {[%emt 0:00:48]} d5 {[%emt 0:04:12]} 4. Nf3 {[%emt 0:01:21]} Be7 {[%emt 0:00:40]} 5. Bg2 {[%emt 0:00:10]} O-O {[%emt 0:00:06]} 6. O-O {[%emt 0:00:53]} dxc4 {[%emt 0:00:31]} 7. Qc2 {[%emt 0:00:28]} a6 {[%emt 0:00:05]} 8. Qxc4 {[%emt 0:00:49]} b5 {[%emt 0:00:11]} 9. Qc2 {[%emt 0:00:05]} Bb7 {[%emt 0:00:03]} 10. Bd2 {[%emt 0:00:30]} Be4 {[%emt 0:16:15]} 11. Qc1 {[%emt 0:03:18]} Nbd7 {[%emt 0:00:31]} 12. Ba5 {[%emt 0:10:07]} Rc8 {[%emt 0:16:22]} 13. Nbd2 {[%emt 0:04:21]} Ba8 {[%emt 0:04:46]} 14. Qc2 {[%emt 0:09:17]} Nb8 {[%emt 0:04:28]} 15. a3 {[%emt 0:02:23]} Nc6 {[%emt 0:07:53]} 16. Bc3 {[%emt 0:00:08]} a5 {[%emt 0:17:20]} 17. Nb3 {[%emt 0:24:34]} a4 {[%emt 0:01:59]} 18. Nbd2 {[%emt 0:08:21]} Nb8 {[%emt 0:06:15]} 19. b4 {[%emt 0:04:37]} axb3 {[%emt 0:00:20]} 20. Nxb3 {[%emt 0:00:05]} Na6 {[%emt 0:05:36]} 21. Rfd1 {[%emt 0:05:14]} Qe8 {[%emt 0:04:33]} 22. Qb2 {[%emt 0:01:28]} Ne4 {[%emt 0:01:03]} 23. Ne5 {[%emt 0:10:28]} Nxc3 {[%emt 0:02:24]} 24. Qxc3 {[%emt 0:00:07]} Bxg2 {[%emt 0:00:04]} 25. Kxg2 {[%emt 0:00:07]} c5 {[%emt 0:00:05]} 26. dxc5 {[%emt 0:02:02]} Nxc5 {[%emt 0:00:02]} 27. Nxc5 {[%emt 0:02:07]} Rxc5 {[%emt 0:00:03]} 28. Qe3 {[%emt 0:00:07]} Qa8+ {[%emt 0:00:32]} 29. Nf3 {[%emt 0:00:23]} Rfc8 {[%emt 0:00:54]} 30. Rd3 {[%emt 0:01:31]} Bg5 {[%emt 0:00:55]} 0-1